[Event "?"]
[Site "?"]
[Date "????.??.??"]
[Round "?"]
[White "van Run , Rieke"]
[Black "Charles, Freddy"]
[Result "1-0"]
[WhiteElo "2133"]
[BlackElo "1820"]
[Annotator "1-28"]
[PlyCount "49"]
[EventDate "2004.08.09"]
[SourceDate "2004.08.09"]

1. e4 c6 2. d4 d5 3. f3 dxe4 4. fxe4 e5 5. Nf3 Be6 6. Be2 exd4 7. Qxd4 Qxd4 8.
Nxd4 Bd7 9. Bg5 Be7 10. Bxe7 Nxe7 11. O-O O-O 12. Nc3 Ng6 13. Rad1 Ne5 14. Nf5
Na6 15. Bxa6 bxa6 16. Na4 Bxf5 17. exf5 f6 18. b3 Rab8 19. c4 Rf7 20. Nc5 a5
21. Rd6 Kf8 22. Rfd1 Ke8 23. Ne6 Re7 24. Rd8+ Rxd8 25. Rxd8+ 1-0

[Event "?"]
[Site "?"]
[Date "????.??.??"]
[Round "?"]
[White "Kraft , Matthias"]
[Black "Zilka, Jozef"]
[Result "1-0"]
[WhiteElo "2100"]
[BlackElo "1458"]
[Annotator "1-38"]
[PlyCount "45"]
[EventDate "2004.08.09"]
[SourceDate "2004.08.09"]

1. Nf3 d6 2. e4 e5 3. d4 Nd7 4. Bc4 Be7 5. c3 Nb6 6. Bb3 Nf6 7. Nbd2 exd4 8.
cxd4 O-O 9. O-O Bg4 10. Re1 d5 11. e5 Ne8 12. Bc2 c6 13. Nf1 Nc7 14. Qd3 g6 15.
Bh6 Re8 16. Ng3 Ne6 17. Nd2 Nc4 18. h3 Nxb2 19. Qc3 Bg5 20. Bxg5 Qxg5 21. hxg4
Nc4 22. Nde4 Qxg4 23. Nf6+ 1-0

[Event "?"]
[Site "?"]
[Date "????.??.??"]
[Round "?"]
[White "Leblanc, Paul"]
[Black "Bon, Michael"]
[Result "0-1"]
[WhiteElo "1884"]
[BlackElo "2163"]
[Annotator "1-25"]
[PlyCount "52"]
[EventDate "2004.08.09"]
[SourceDate "2004.08.09"]

1. d4 d5 2. g3 Nf6 3. Bg2 Bf5 4. Nf3 c6 5. O-O e6 6. c4 Nbd7 7. cxd5 exd5 8.
Nc3 Bd6 9. Re1 O-O 10. Nh4 Be6 11. e4 dxe4 12. Nxe4 Nxe4 13. Bxe4 Nf6 14. Bg2
Nd5 15. Nf3 h6 16. Ne5 Re8 17. Bd2 Qc7 18. a3 Rad8 19. Qc2 Be7 20. b4 a6 21.
Rad1 Bf6 22. Bc1 Ne7 23. Bb2 Nd5 24. Kh1 g6 25. Nxg6 fxg6 26. Bxd5 Bxd5+ 0-1

[Event "?"]
[Site "?"]
[Date "????.??.??"]
[Round "?"]
[White "De Cat, Ben"]
[Black "Hammond, Andrew"]
[Result "0-1"]
[WhiteElo "1988"]
[BlackElo "2210"]
[Annotator "1-13"]
[PlyCount "74"]
[EventDate "2004.08.09"]
[SourceDate "2004.08.09"]

1. b4 Nf6 2. Bb2 e6 3. b5 d5 4. e3 Bd6 5. f4 Nbd7 6. Nf3 Qe7 7. Be2 e5 8. fxe5
Nxe5 9. O-O h5 10. c4 dxc4 11. Nxe5 Bxe5 12. Bxe5 Qxe5 13. Nc3 Ng4 14. Bxg4
hxg4 15. Rf4 Be6 16. g3 O-O-O 17. a4 Rd3 18. Qe2 Rhd8 19. Ra2 f5 20. a5 Qd6 21.
b6 a6 22. bxc7 Kxc7 23. Rf2 g6 24. Qf1 Bd7 25. Re2 g5 26. e4 Rf3 27. Nd5+ Kb8
28. Qc1 Qc5+ 29. Ne3 f4 30. gxf4 gxf4 31. Qxc4 Qa7 32. Qd5 fxe3 33. d4 Ka8 34.
Rab2 Qb8 35. Rb6 Bb5 36. Qxb5 axb5 37. Rb2 Qf4 0-1

[Event "?"]
[Site "?"]
[Date "????.??.??"]
[Round "?"]
[White "Daler, Neset"]
[Black "Csolto, Robert"]
[Result "0-1"]
[WhiteElo "2068"]
[BlackElo "2348"]
[Annotator "1-03"]
[PlyCount "63"]
[EventDate "2004.08.09"]
[SourceDate "2004.08.09"]

1. d4 Nf6 2. c4 g6 3. Nc3 Bg7 4. e4 O-O 5. f4 d6 6. Nf3 c5 7. d5 e6 8. Be2 exd5
9. cxd5 Re8 10. e5 dxe5 11. fxe5 Ng4 12. Bg5 Qb6 13. O-O Nd7 14. Na4 Qa5 15. e6
fxe6 16. dxe6 Nde5 17. e7 h6 18. Nxe5 Nxe5 19. Qd5+ Kh7 20. Rf7 Nxf7 21. Qxf7
Be6 22. Qxe6 Qxa4 23. Be3 Rxe7 24. Qxe7 Re8 25. Qxb7 Rxe3 26. Bf3 Qd4 27. Kh1
Qxb2 28. Qxb2 Bxb2 29. Rb1 c4 30. Kg1 c3 31. Bd1 Re1+ 32. Kf2 0-1

[Event "?"]
[Site "?"]
[Date "????.??.??"]
[Round "?"]
[White "Schott, Guido"]
[Black "Parisse, Denis"]
[Result "1-0"]
[WhiteElo "2195"]
[BlackElo "1960"]
[Annotator "1-18"]
[PlyCount "73"]
[EventDate "2004.08.09"]
[SourceDate "2004.08.09"]

1. e4 e6 2. c4 d5 3. exd5 exd5 4. d4 Bb4+ 5. Nc3 Qe7+ 6. Be3 Nf6 7. Bd3 dxc4 8.
Bxc4 Ne4 9. Qb3 Nc6 10. O-O-O Bg4 11. Nf3 Nxc3 12. bxc3 Ba3+ 13. Kb1 Bd6 14.
Bg5 Qd7 15. Rhe1+ Kf8 16. Ka1 Na5 17. Qb5 Nxc4 18. Qxc4 h6 19. Bh4 f5 20. Be7+
Bxe7 21. Ne5 Qe8 22. Qe6 g5 23. Nd7+ Kg7 24. Qxe7+ Qxe7 25. Rxe7+ Kg6 26. f3
Rae8 27. Ne5+ Kf6 28. Rf7+ Ke6 29. fxg4 f4 30. Rxc7 Rc8 31. Rxc8 Rxc8 32. c4 b5
33. c5 Kd5 34. Kb2 Ke4 35. Kc3 a5 36. Nf7 Rc6 37. Re1+ 1-0

[Event "?"]
[Site "?"]
[Date "????.??.??"]
[Round "?"]
[White "Nilsson, Erik"]
[Black "van der Walle, Rob"]
[Result "1/2-1/2"]
[WhiteElo "2175"]
[BlackElo "1935"]
[Annotator "1-22"]
[PlyCount "81"]
[EventDate "2004.08.09"]
[SourceDate "2004.08.09"]

1. d4 d5 2. c4 e6 3. Nc3 c5 4. cxd5 exd5 5. Nf3 Nc6 6. g3 Nf6 7. Bg2 Be7 8. O-O
O-O 9. Bg5 c4 10. Ne5 Be6 11. Re1 Qa5 12. e4 dxe4 13. Nxe4 Nxe4 14. Nxc6 Qxg5
15. Nxe7+ Qxe7 16. Bxe4 Qf6 17. Qh5 g6 18. Qe5 Kg7 19. Qxf6+ Kxf6 20. d5 Bd7
21. d6 Rfe8 22. Bxb7 Rab8 23. Bd5 Rxb2 24. Bxc4 Rd2 25. Red1 Rc2 26. Rd4 Re5
27. Rad1 Rb2 28. Rf4+ Rf5 29. Rxf5+ Kxf5 30. Bxf7 g5 31. Bc4 h6 32. f4 gxf4 33.
Rf1 Ke5 34. Rxf4 Kxd6 35. Rh4 Kc5 36. Bb3 a5 37. Rh5+ Kb4 38. Rh4+ Kc3 39. Rc4+
Kd3 40. Rc5 Bh3 41. Rd5+ 1/2-1/2

[Event "?"]
[Site "?"]
[Date "????.??.??"]
[Round "?"]
[White "Nielsen, Henrik Lindholt"]
[Black "van Zandwijk, Jan Peter"]
[Result "0-1"]
[WhiteElo "2028"]
[BlackElo "2256"]
[Annotator "1-09"]
[PlyCount "80"]
[EventDate "2004.08.09"]
[SourceDate "2004.08.09"]

1. d4 f5 2. Nf3 Nf6 3. c4 g6 4. Nc3 Bg7 5. Bg5 d6 6. Bxf6 Bxf6 7. e4 O-O 8. Bd3
e5 9. dxe5 dxe5 10. Be2 c6 11. Qxd8 Rxd8 12. Rd1 Rxd1+ 13. Kxd1 Na6 14. Kc2 Nc5
15. b4 Ne6 16. exf5 gxf5 17. Rd1 Kf7 18. Bf1 e4 19. Ne1 Nd4+ 20. Kb2 a5 21. b5
Be6 22. Nc2 Rd8 23. Nxd4 c5 24. Kb3 cxd4 25. Nd5 Bxd5 26. cxd5 Rc8 27. Bc4 a4+
28. Kb4 Ke7 29. b6 Be5 30. Bb5 Rc2 31. Bxa4 Rxf2 32. Rc1 Rxg2 33. Bb3 d3 34.
Kc4 f4 35. a4 f3 36. Rf1 f2 37. a5 Bxh2 38. a6 bxa6 39. Kd4 Bg3 40. b7 Rg1 0-1

[Event "?"]
[Site "?"]
[Date "????.??.??"]
[Round "?"]
[White "Olesen, Michael Jacob"]
[Black "Lebel, Patrick"]
[Result "1/2-1/2"]
[WhiteElo "1845"]
[BlackElo "2151"]
[Annotator "1-27"]
[PlyCount "51"]
[EventDate "2004.08.09"]
[SourceDate "2004.08.09"]

1. Nf3 g6 2. d4 Bg7 3. c4 d6 4. Nc3 Nd7 5. e4 e5 6. Be2 Nh6 7. O-O O-O 8. Bg5
f6 9. Be3 c6 10. Qc2 Qe7 11. Rab1 f5 12. Bg5 Nf6 13. dxe5 dxe5 14. exf5 gxf5
15. Rfe1 Nf7 16. Bh4 Qc7 17. c5 e4 18. Ng5 Nxg5 19. Bxg5 Be6 20. f3 exf3 21.
Bxf3 Rae8 22. Qa4 Ng4 23. Bf4 Be5 24. Bxe5 Nxe5 25. Bh5 Bf7 26. Bxf7+ 1/2-1/2

[Event "?"]
[Site "?"]
[Date "????.??.??"]
[Round "?"]
[White "Shea, Joseph"]
[Black "Celen, Gazi"]
[Result "0-1"]
[WhiteElo "1585"]
[BlackElo "2119"]
[Annotator "1-35"]
[PlyCount "76"]
[SourceDate "2004.08.09"]

1. d4 Nf6 2. c4 g6 3. Nc3 Bg7 4. e4 d6 5. Bd3 O-O 6. Nge2 e5 7. d5 a5 8. O-O
Na6 9. Bd2 Nc5 10. Bc2 Bd7 11. Qc1 Nh5 12. f4 f5 13. fxe5 dxe5 14. Bh6 f4 15.
Bxg7 Kxg7 16. Qe1 g5 17. Kh1 g4 18. g3 f3 19. Nc1 Qg5 20. Nd3 Nxd3 21. Bxd3 Rf6
22. Qc1 Qg6 23. Rf2 Raf8 24. Qd2 Kh8 25. Rg1 Ng7 26. Nd1 b6 27. b3 h5 28. Ne3
Ne8 29. Qb2 Qg5 30. Nf5 Bxf5 31. exf5 Qe3 32. Qd2 Qxd2 33. Rxd2 Nd6 34. Re1 e4
35. Bb1 Rxf5 36. Rf2 Re5 37. Re3 Rfe8 38. h3 Nf5 0-1

[Event "?"]
[Site "?"]
[Date "????.??.??"]
[Round "?"]
[White "Mariusz, Marek"]
[Black "McInnes, Neil"]
[Result "1-0"]
[WhiteElo "2155"]
[BlackElo "1880"]
[Annotator "1-26"]
[PlyCount "80"]
[SourceDate "2004.08.09"]

1. e4 d6 2. d4 Nf6 3. Nc3 g6 4. Be2 Bg7 5. h4 h5 6. Nh3 Nc6 7. f3 a6 8. Be3
Bxh3 9. Rxh3 Qd7 10. Qd2 b5 11. a4 b4 12. Nd5 e6 13. Nxb4 Nxb4 14. Qxb4 O-O 15.
Qd2 Rfb8 16. b3 c5 17. Rd1 cxd4 18. Bxd4 Qc6 19. Qc3 Qxc3+ 20. Bxc3 Rc8 21. Rd3
Rc6 22. Bd1 Rac8 23. Bd4 e5 24. Be3 Nd7 25. c4 Nf8 26. g4 hxg4 27. fxg4 Ne6 28.
h5 g5 29. Rh2 Nf4 30. Rdd2 Bh6 31. a5 Kf8 32. Bb6 Ke7 33. Be2 Ke6 34. Bf1 Ke7
35. Rd1 Ne6 36. Rh3 Nf4 37. Rc3 Ne6 38. Kf2 Nf4 39. c5 dxc5 40. Bxa6 Re8 1-0

[Event "?"]
[Site "?"]
[Date "????.??.??"]
[Round "?"]
[White "Zengin, Sedat"]
[Black "Drabke, Lorenz Maximilian"]
[Result "0-1"]
[WhiteElo "2085"]
[BlackElo "2428"]
[Annotator "1-01"]
[PlyCount "80"]
[SourceDate "2004.08.09"]

1. e4 c5 2. Nf3 e6 3. d4 cxd4 4. Nxd4 a6 5. c4 Nf6 6. Nc3 Qc7 7. Be2 b6 8. a3
Bb7 9. f3 Be7 10. Be3 O-O 11. Rc1 d6 12. O-O Nbd7 13. b4 Rac8 14. Kh1 Rfe8 15.
Nb3 Qb8 16. Na4 Bc6 17. Nd4 Ba8 18. Nb3 Bc6 19. Nc3 Bb7 20. Na4 Bd8 21. c5 bxc5
22. bxc5 d5 23. Nd4 Ne5 24. Bf4 Nh5 25. Be3 Nf6 26. Bf4 Bc7 27. Rb1 Qa7 28. Nb6
Rcd8 29. c6 Bxb6 30. Bxe5 Ba8 31. Qa4 dxe4 32. Rfd1 Rxd4 33. Rxd4 Bxd4 34. Bxd4
Bxc6 35. Qxc6 Qxd4 36. fxe4 Rd8 37. Qxa6 Nxe4 38. g3 Nxg3+ 39. hxg3 Qe4+ 40.
Bf3 Qxf3+ 0-1

[Event "?"]
[Site "?"]
[Date "????.??.??"]
[Round "?"]
[White "Indbryn, Tommy"]
[Black "Horvath, Milos"]
[Result "1-0"]
[WhiteElo "2129"]
[BlackElo "1735"]
[Annotator "1-30"]
[PlyCount "67"]
[SourceDate "2004.08.09"]

1. e4 e5 2. Nf3 Nc6 3. Nc3 Nf6 4. d4 exd4 5. Nxd4 Bb4 6. Nxc6 bxc6 7. Bd3 Bxc3+
8. bxc3 h6 9. e5 Nd5 10. Qg4 g5 11. Qd4 Qe7 12. O-O Rf8 13. a4 Qe6 14. Rb1 f5
15. exf6 Qxf6 16. Re1+ Kd8 17. Qxf6+ Rxf6 18. c4 Nf4 19. Bb2 Rf7 20. Be4 Ne6
21. Ba3 a5 22. Re3 Nf4 23. Rbe1 Ne6 24. Rh3 Ra6 25. Rxh6 d6 26. Bd3 Nf4 27.
Rh8+ Kd7 28. Bf1 Ne6 29. Be2 Ng7 30. Rh7 Re7 31. Bg4+ Kd8 32. Rxe7 Kxe7 33.
Rxg7+ Kf6 34. Bb2# 1-0

[Event "?"]
[Site "?"]
[Date "????.??.??"]
[Round "?"]
[White "Prostler, Andre"]
[Black "Slawomir, Krainski"]
[Result "0-1"]
[WhiteElo "1953"]
[BlackElo "2194"]
[Annotator "1-19"]
[PlyCount "110"]
[SourceDate "2004.08.09"]

1. e4 d5 2. exd5 Nf6 3. g3 Qxd5 4. Nf3 Bg4 5. Be2 Nc6 6. Nc3 Qh5 7. h3 O-O-O 8.
d3 e5 9. Rh2 Nd4 10. Nxd4 Rxd4 11. Bxg4+ Rxg4 12. hxg4 Qxh2 13. Qf3 Qg1+ 14.
Ke2 h5 15. Rb1 hxg4 16. Qf5+ Nd7 17. Be3 Qh2 18. Nb5 Qh5 19. Nxa7+ Kd8 20. Qe4
c6 21. b4 f5 22. Qc4 f4 23. b5 c5 24. Qd5 fxe3 25. Qxb7 Qf5 26. Qc8+ Ke7 27.
Nc6+ Kd6 28. Kxe3 Rh2 29. Rf1 Qf3+ 30. Kd2 Rxf2+ 31. Rxf2 Qxf2+ 32. Kc1 c4 33.
dxc4 g6 34. Kb2 e4 35. Qa6 Bg7+ 36. Nd4+ Ke7 37. Qe6+ Kf8 38. Qd6+ Kg8 39. Qe6+
Kh8 40. Qxd7 Bxd4+ 41. Kb3 Qxg3+ 42. Ka4 Qe5 43. Qxg4 e3 44. Qxg6 e2 45. Qh6+
Kg8 46. Qg6+ Kf8 47. Qh6+ Ke7 48. Qh7+ Kd6 49. Qh6+ Ke7 50. Qh7+ Kf6 51. Qh4+
Kf5 52. Qh5+ Kf4 53. Qh6+ Kg3 54. Qg6+ Kf2 55. Qf7+ Qf6 0-1

[Event "?"]
[Site "?"]
[Date "????.??.??"]
[Round "?"]
[White "Gooris, Jan"]
[Black "Stuhr, Finn"]
[Result "1-0"]
[WhiteElo "2113"]
[BlackElo "1483"]
[Annotator "1-36"]
[PlyCount "51"]
[EventDate "2004.08.09"]
[SourceDate "2004.08.09"]

1. e4 e5 2. Nf3 Nc6 3. Bb5 a6 4. Bxc6 bxc6 5. O-O d6 6. d4 Bg4 7. dxe5 Qe7 8.
exd6 cxd6 9. Nc3 Nf6 10. Bg5 h6 11. Bh4 g5 12. Bg3 Rd8 13. Qd3 Qb7 14. Rfe1 Be7
15. Nd4 Nd7 16. Qc4 c5 17. Nf5 Nf6 18. Nxe7 Kxe7 19. e5 Nh5 20. exd6+ Kf8 21.
Qxg4 Qxb2 22. Be5 f6 23. Rab1 Qxc2 24. Qxh5 fxe5 25. Qf3+ Kg7 26. Rb7+ 1-0

[Event "?"]
[Site "?"]
[Date "????.??.??"]
[Round "?"]
[White "Helbig, Mark"]
[Black "Vea, Odin Blikra"]
[Result "1-0"]
[WhiteElo "2305"]
[BlackElo "2057"]
[Annotator "1-06"]
[PlyCount "79"]
[EventDate "2004.08.09"]
[SourceDate "2004.08.09"]

1. d4 f5 2. c4 Nf6 3. g3 g6 4. Bg2 Bg7 5. Nc3 O-O 6. Nh3 c5 7. d5 d6 8. O-O
Nbd7 9. Rb1 Ne5 10. b3 Nh5 11. Qc2 h6 12. f4 Ng4 13. Bf3 Bd4+ 14. Kh1 Ne3 15.
Bxe3 Bxe3 16. Qd3 Bd4 17. Bxh5 gxh5 18. Qf3 Qa5 19. Nd1 e6 20. Qxh5 Bg7 21. Ne3
Qd2 22. Qf3 Bd4 23. Ng2 Bd7 24. e3 Bg7 25. Rf2 Qb4 26. Rg1 b5 27. cxb5 Qxb5 28.
g4 fxg4 29. Qxg4 exd5 30. f5 Qb7 31. Nh4 d4+ 32. e4 Bc6 33. Rf4 Rf6 34. Nf2 Re8
35. Qg2 h5 36. Qg5 Qf7 37. Ng6 d3 38. Qxh5 d5 39. Rh4 Qb7 40. Qh7+ 1-0

[Event "?"]
[Site "?"]
[Date "????.??.??"]
[Round "?"]
[White "Przedmojski, Rafal"]
[Black "Burns, Michael"]
[Result "1-0"]
[WhiteElo "2370"]
[BlackElo "2071"]
[Annotator "1-02"]
[PlyCount "67"]
[SourceDate "2004.08.09"]

1. d4 d5 2. c4 c6 3. Nf3 Nf6 4. Qc2 e6 5. g3 Bd6 6. Bg2 O-O 7. O-O Nbd7 8. Bf4
Bxf4 9. gxf4 Ne4 10. e3 f5 11. Ne1 Qh4 12. f3 Nd6 13. c5 Nf7 14. Nd3 Nf6 15.
Nc3 Kh8 16. Qf2 Qh5 17. h4 b6 18. Rfd1 Bd7 19. b4 h6 20. Qg3 Nh7 21. Kf2 Nf6
22. Bf1 Kh7 23. Be2 Nh8 24. Rg1 Ng6 25. Ne5 Be8 26. Nxg6 Qxg6 27. Qxg6+ Bxg6
28. Rgb1 b5 29. a4 a6 30. Ra3 Rfb8 31. Rba1 a5 32. axb5 cxb5 33. Rxa5 Rxa5 34.
Rxa5 1-0

[Event "?"]
[Site "?"]
[Date "????.??.??"]
[Round "?"]
[White "Victoria, Narciso"]
[Black "Lebrun, Roger"]
[Result "1-0"]
[WhiteElo "2192"]
[BlackElo "1938"]
[Annotator "1-20"]
[PlyCount "75"]
[SourceDate "2004.08.09"]

1. c4 Nf6 2. Nc3 g6 3. d4 Bg7 4. Nf3 O-O 5. Bg5 c5 6. d5 d6 7. e3 Na6 8. Be2
Bd7 9. O-O Nc7 10. Nd2 Rb8 11. a4 b6 12. f4 a6 13. e4 Nfe8 14. Bg4 b5 15. Bxd7
Qxd7 16. axb5 axb5 17. Ra7 bxc4 18. Nxc4 Rb4 19. Qd3 Bd4+ 20. Kh1 Nf6 21. Bxf6
exf6 22. Rfa1 Rfb8 23. h3 R8b7 24. R7a2 Kg7 25. Na5 Ra7 26. Nc6 Rxa2 27. Rxa2
Bxc3 28. bxc3 Rb7 29. c4 Qe8 30. Re2 Qa8 31. e5 Qa1+ 32. Kh2 Ne8 33. e6 f5 34.
Qe3 Rb1 35. exf7 Nf6 36. Qe7 Rh1+ 37. Kg3 Nh5+ 38. Kh4 1-0

[Event "?"]
[Site "?"]
[Date "????.??.??"]
[Round "?"]
[White "Koopmeiners, Karl"]
[Black "Benedetti, Fabrizio"]
[Result "0-1"]
[WhiteElo "1995"]
[BlackElo "2199"]
[Annotator "1-17"]
[PlyCount "70"]
[SourceDate "2004.08.09"]

1. d4 Nf6 2. c4 e6 3. Nc3 d5 4. cxd5 exd5 5. Bg5 Nbd7 6. e3 c6 7. Bd3 Be7 8.
Qc2 O-O 9. Nf3 Re8 10. O-O Ne4 11. Bxe7 Qxe7 12. b4 a6 13. a4 Ndf6 14. b5 axb5
15. axb5 Rxa1 16. Rxa1 Ng4 17. Bxe4 dxe4 18. Nd2 f5 19. bxc6 bxc6 20. h3 Nf6
21. Na4 f4 22. Qc5 Qe6 23. Nb6 f3 24. Ra8 fxg2 25. Qc4 Nd5 26. Rxc8 Rxc8 27.
Kxg2 Rb8 28. Nxd5 cxd5 29. Qc7 Rf8 30. Nb3 Rf3 31. Qd8+ Kf7 32. Qh4 Qg6+ 33.
Kf1 Qf5 34. Nc5 Rxh3 35. Qd8 Rh1+ 0-1

[Event "?"]
[Site "?"]
[Date "????.??.??"]
[Round "?"]
[White "Skindzier, Saturnin"]
[Black "Kocur, Marc"]
[Result "1-0"]
[WhiteElo "2247"]
[BlackElo "2013"]
[Annotator "1-10"]
[PlyCount "79"]
[SourceDate "2004.08.09"]

1. d4 Nf6 2. Nf3 e6 3. Bf4 Nc6 4. Nbd2 d6 5. c3 Nh5 6. e3 Nxf4 7. exf4 Ne7 8.
Bd3 g6 9. Qe2 c6 10. Ne4 Bg7 11. h4 Nd5 12. g3 Nf6 13. O-O-O Nxe4 14. Bxe4 Qe7
15. h5 Bd7 16. h6 Bf6 17. g4 Rg8 18. Qc2 d5 19. Bd3 c5 20. Kb1 c4 21. Be2 b5
22. Ne5 a5 23. Bf3 Bxe5 24. dxe5 b4 25. f5 Rb8 26. Qd2 Ba4 27. Rc1 Qc5 28. Ka1
Qb6 29. Qd4 Kd7 30. Rhe1 bxc3 31. Qxb6 Rxb6 32. bxc3 Kc7 33. Re2 gxf5 34. gxf5
Rg5 35. f6 Rg6 36. Bh5 Rxh6 37. Bxf7 Rh3 38. Re3 Rh4 39. Rf3 Bc2 40. Bxe6 1-0

[Event "?"]
[Site "?"]
[Date "????.??.??"]
[Round "?"]
[White "Donati, Roberto"]
[Black "Parker, Glen"]
[Result "1/2-1/2"]
[WhiteElo "2166"]
[BlackElo "1900"]
[Annotator "1-24"]
[PlyCount "80"]
[SourceDate "2004.08.09"]

1. c4 e5 2. Nc3 Nf6 3. d3 Nc6 4. Bg5 Be7 5. Nf3 O-O 6. a3 d6 7. b4 Be6 8. e4
Nd7 9. Be3 f5 10. b5 Ncb8 11. exf5 Bxf5 12. d4 e4 13. Nd2 Nf6 14. Be2 Nbd7 15.
g4 Be6 16. d5 Bf7 17. g5 Ne8 18. Ndxe4 g6 19. h4 Ng7 20. Ng3 Ne5 21. f4 Nd7 22.
h5 gxh5 23. Bxh5 Bxh5 24. Nxh5 Nf5 25. Qd3 Rf7 26. Ne4 Rc8 27. Ke2 Nf8 28. Rag1
Nxe3 29. Qxe3 c5 30. Qc3 Ng6 31. f5 Ne5 32. Nhf6+ Kh8 33. Qh3 Bxf6 34. gxf6
Rcc7 35. Ng5 Qxf6 36. Nxf7+ Rxf7 37. Qg2 Rf8 38. Qe4 Nxc4 39. Qxc4 Re8+ 40. Kd2
Qb2+ 1/2-1/2

[Event "?"]
[Site "?"]
[Date "????.??.??"]
[Round "?"]
[White "Tommasini, Enzo"]
[Black "Adolfssen, Rico"]
[Result "1-0"]
[WhiteElo "2128"]
[BlackElo "1707"]
[Annotator "1-32"]
[PlyCount "37"]
[EventDate "2004.08.09"]
[SourceDate "2004.08.09"]

1. d4 d5 2. c4 c6 3. Nc3 Nf6 4. e3 Bf5 5. cxd5 cxd5 6. Qb3 e6 7. Qxb7 Nbd7 8.
Bb5 Bd6 9. Qa6 Bb4 10. Nge2 O-O 11. O-O Ne4 12. Nxe4 Bxe4 13. Qa4 Bd6 14. Bxd7
Bxh2+ 15. Kxh2 Qh4+ 16. Kg1 Bxg2 17. Kxg2 Qg4+ 18. Ng3 h5 19. Qd1 1-0

[Event "?"]
[Site "?"]
[Date "????.??.??"]
[Round "?"]
[White "Hater, David"]
[Black "Kovarcik, Thomas"]
[Result "0-1"]
[WhiteElo "2012"]
[BlackElo "2222"]
[Annotator "1-11"]
[PlyCount "38"]
[EventDate "2004.08.09"]
[SourceDate "2004.08.09"]

1. e4 c6 2. d3 d5 3. Nd2 g6 4. Ngf3 Bg7 5. Be2 e5 6. O-O Ne7 7. Re1 O-O 8. b3
Qc7 9. Bb2 d4 10. c3 dxc3 11. Bxc3 c5 12. Rc1 Nbc6 13. Ba1 b6 14. a3 a5 15. Qc2
Be6 16. Ng5 Bd7 17. Ngf3 f6 18. d4 exd4 19. Bxd4 cxd4 0-1

[Event "?"]
[Site "?"]
[Date "????.??.??"]
[Round "?"]
[White "Campeau, Jayson"]
[Black "Toll, Alec"]
[Result "0-1"]
[WhiteElo "1056"]
[BlackElo "2091"]
[Annotator "1-41"]
[PlyCount "76"]
[EventDate "2004.08.09"]
[SourceDate "2004.08.09"]

1. e4 Nc6 2. d4 d5 3. e5 Bf5 4. c3 e6 5. Nf3 Nge7 6. g3 h6 7. Bg2 Qd7 8. Be3 g5
9. O-O Ng6 10. b4 Be7 11. Nbd2 g4 12. Ne1 h5 13. Nb3 b6 14. b5 Na5 15. Nxa5
bxa5 16. a4 a6 17. Qb3 Rb8 18. c4 Be4 19. c5 axb5 20. Rc1 c6 21. Bxe4 dxe4 22.
Nc2 Qd5 23. Qc3 b4 24. Qd2 Bd8 25. Rb1 Bc7 26. Qe2 Ne7 27. Na1 Nf5 28. Nb3 Kd7
29. Kg2 Rbg8 30. Rh1 h4 31. h3 gxh3+ 32. Rxh3 hxg3 33. Rxh8 Rxh8 34. fxg3 Rg8
35. g4 Rxg4+ 36. Kf2 Rg3 37. Bf4 e3+ 38. Kf1 Qh1# 0-1

[Event "?"]
[Site "?"]
[Date "????.??.??"]
[Round "?"]
[White "Nill, Oliver"]
[Black "Ranario, Dan"]
[Result "1-0"]
[WhiteElo "2212"]
[BlackElo "2004"]
[Annotator "1-12"]
[PlyCount "59"]
[EventDate "2004.08.09"]
[SourceDate "2004.08.09"]

1. c4 b6 2. Nc3 c5 3. Nf3 Bb7 4. e4 Nc6 5. d4 cxd4 6. Nxd4 Nxd4 7. Qxd4 e6 8.
Be2 Ne7 9. Be3 Nc6 10. Qd2 Bb4 11. Rd1 Na5 12. a3 Bxc3 13. Qxc3 f6 14. b4 Nc6
15. O-O Rc8 16. Rd6 Qe7 17. Rfd1 Nb8 18. Bf3 O-O 19. c5 b5 20. Qd3 Bc6 21. Bf4
e5 22. Bc1 Rc7 23. Bg4 a6 24. Qe2 Ra7 25. R1d3 a5 26. Rg3 Rf7 27. h4 Kh8 28.
Bf5 Qf8 29. Qh5 g6 30. Rxg6 1-0

[Event "?"]
[Site "?"]
[Date "????.??.??"]
[Round "?"]
[White "Hole, Oystein"]
[Black "Bellardi, Michel"]
[Result "1-0"]
[WhiteElo "2332"]
[BlackElo "2063"]
[Annotator "1-04"]
[PlyCount "69"]
[SourceDate "2004.08.09"]

1. Nf3 Nf6 2. c4 g6 3. Nc3 Bg7 4. e4 d6 5. d4 O-O 6. Be2 c5 7. O-O cxd4 8. Nxd4
Nc6 9. Be3 Nxd4 10. Bxd4 b6 11. Qd2 Bb7 12. f3 Qd7 13. a4 Rfc8 14. a5 Qd8 15.
b4 Ne8 16. axb6 axb6 17. Na4 Bxd4+ 18. Qxd4 e5 19. Qxb6 Qe7 20. Qe3 Rcb8 21.
Nb6 Rxa1 22. Rxa1 d5 23. exd5 Qxb4 24. c5 Qb2 25. Rd1 Rd8 26. c6 Bxc6 27. dxc6
Rxd1+ 28. Bxd1 Qb1 29. Qb3 Qa1 30. Nc4 Kg7 31. Ne3 Qd4 32. Kf2 Nc7 33. Qc4 Qb6
34. Bb3 f5 35. Ke2 1-0

[Event "?"]
[Site "?"]
[Date "????.??.??"]
[Round "?"]
[White "Morrison, Munroe"]
[Black "Khalil, Vincent"]
[Result "1/2-1/2"]
[WhiteElo "1720"]
[BlackElo "2129"]
[Annotator "1-31"]
[PlyCount "59"]
[SourceDate "2004.08.09"]

1. e4 c5 2. Nf3 e6 3. d3 Nc6 4. c3 d6 5. g3 Rb8 6. Bg2 g6 7. a4 Bg7 8. O-O Nge7
9. Be3 O-O 10. d4 b6 11. Qd2 Bb7 12. Bh6 Na5 13. Bxg7 Kxg7 14. Qc2 Rc8 15. Nbd2
cxd4 16. Nxd4 d5 17. e5 Nac6 18. N2f3 a6 19. Qd2 Na5 20. Qf4 Nec6 21. h4 Nxd4
22. Nxd4 h5 23. Rfe1 Qe7 24. Bf1 Nc4 25. Ra2 Rc7 26. Bd3 Rfc8 27. Kh2 Bc6 28.
b3 Na5 29. Bxa6 Ra8 30. Bb5 1/2-1/2

[Event "?"]
[Site "?"]
[Date "????.??.??"]
[Round "?"]
[White "Smith, Brian"]
[Black "Lillevold, Frode"]
[Result "0-1"]
[WhiteElo "1400"]
[BlackElo "2097"]
[Annotator "1-39"]
[PlyCount "92"]
[SourceDate "2004.08.09"]

1. c4 e5 2. Nc3 d6 3. Nf3 f5 4. d3 Nf6 5. Qc2 Be7 6. e3 Nbd7 7. Be2 Nf8 8. Bd2
Ne6 9. O-O c6 10. Rad1 g5 11. d4 e4 12. Ne1 g4 13. g3 Ng5 14. Ng2 Nh3+ 15. Kh1
h5 16. Nf4 Nxf4 17. exf4 h4 18. Be3 Kf7 19. Rd2 Rh6 20. a3 Qh8 21. Bd1 Bd7 22.
b4 Rc8 23. Qa2 Kg6 24. c5 d5 25. Rg1 Ne8 26. Qb2 Nc7 27. a4 a6 28. Rg2 Rf8 29.
Be2 Rf7 30. Bf1 Rfh7 31. a5 Ne6 32. Na4 Bd8 33. Nb6 Bc7 34. Nxd7 Rxd7 35. Qc3
Rdh7 36. Qb2 Kf7 37. Qc3 Kf8 38. Qb2 Ke7 39. Qc3 Ke8 40. Qb2 Kd7 41. Qc3 Qb8
42. Qb3 hxg3 43. fxg3 Nxf4 44. Bxf4 Bxf4 45. gxf4 Qxf4 46. Rdf2 Rxh2+ 0-1

[Event "?"]
[Site "?"]
[Date "????.??.??"]
[Round "?"]
[White "Capezza, Marco"]
[Black "So, Kam"]
[Result "1-0"]
[WhiteElo "2121"]
[BlackElo "1666"]
[Annotator "1-34"]
[PlyCount "71"]
[SourceDate "2004.08.09"]

1. d4 d5 2. c4 e6 3. Nf3 c6 4. Qc2 Bd6 5. Bg5 f6 6. Bh4 Nd7 7. e3 Qc7 8. Bd3
Nf8 9. Nc3 g5 10. Bg3 Bxg3 11. hxg3 Qg7 12. O-O-O Bd7 13. e4 dxc4 14. Bxc4
O-O-O 15. Na4 b6 16. Rd3 Ne7 17. Ra3 Kc7 18. Nc3 Ra8 19. Rd1 Nfg6 20. d5 exd5
21. exd5 Kd8 22. dxc6 Nxc6 23. Qe4 Rc8 24. Be6 Re8 25. Bxd7 Rxe4 26. Bxc6+ Kc7
27. Rxa7+ Kxc6 28. Rxg7 Rc4 29. Nd4+ Kc5 30. Nb3+ Kc6 31. Rd4 Rxd4 32. Nxd4+
Kc5 33. Nb3+ Kc6 34. Rxh7 b5 35. Rf7 b4 36. Rxf6+ 1-0

[Event "?"]
[Site "?"]
[Date "????.??.??"]
[Round "?"]
[White "Adkins, James"]
[Black "Moen, Steinar"]
[Result "0-1"]
[WhiteElo "1944"]
[BlackElo "2181"]
[Annotator "1-21"]
[PlyCount "86"]
[SourceDate "2004.08.09"]

1. Nf3 d5 2. d4 c6 3. e3 Bf5 4. c4 e6 5. Nc3 Nd7 6. cxd5 exd5 7. Bd3 Bxd3 8.
Qxd3 Ngf6 9. O-O Be7 10. Re1 O-O 11. e4 dxe4 12. Nxe4 Nxe4 13. Qxe4 Re8 14. Qc2
Nf8 15. Be3 Qd5 16. a3 Ne6 17. Rad1 Bd6 18. h3 Re7 19. Rd3 Rae8 20. Red1 Nc7
21. Ne5 Re6 22. Qb3 Qb5 23. a4 Qa6 24. Nd7 Nd5 25. Nc5 Bxc5 26. dxc5 h6 27. Bd2
Re4 28. Rg3 R8e6 29. Bc3 f6 30. Rxd5 cxd5 31. Qxd5 Qc6 32. Qh5 Kh8 33. Bd2 Qe8
34. Qxe8+ Rxe8 35. b4 Rd8 36. Bc3 Rd1+ 37. Kh2 Rc4 38. Re3 Kg8 39. Re7 Rxc3 40.
Rxb7 Rb1 41. b5 Rxc5 42. Rxa7 Rc4 43. Ra6 Rcb4 0-1